Пожаровзрывозащита: электронный курс

Bibliographische Detailangaben
1. Verfasser: Сечин А. И. Александр Иванович
Körperschaft: Национальный исследовательский Томский политехнический университет (ТПУ) Институт неразрушающего контроля (ИНК) Кафедра экологии и безопасности жизнедеятельности (ЭБЖ)
Weitere Verfasser: Задорожная Т. А. Татьяна Анатольевна
Zusammenfassung:Заглавие с экрана
В курсе "Пожаровзрывозащита" раскрываются мероприятия, направленные на предупреждение и ликвидацию чрезвычайных ситуаций природного и техногенного характера, обусловленных взрывными явлениями и пожарами. Знания, полученные в курсе "Пожаровзрывозащита" помогут ориентироваться в основных направлениях совершенствования и повышения эффективности методов защиты объектов экономики от пожаров и взрывных явлений, содержании основных законодательных актов Российской Федерации, необходимых для организации предупреждения ЧС природного и техногенного характера.
Доступ по логину и паролю
Sprache:Russisch
Veröffentlicht: Томск, TPU Moodle, 2016
Schlagworte:
Online-Zugang:https://design.lms.tpu.ru/course/view.php?id=1459
Format: MixedMaterials Elektronisch Buch
KOHA link:https://koha.lib.tpu.ru/cgi-bin/koha/opac-detail.pl?biblionumber=652119

MARC

LEADER 00000nlm0a2200000 4500
001 652119
005 20231214113927.0
035 |a (RuTPU)RU\TPU\network\17382 
035 |a RU\TPU\network\17379 
090 |a 652119 
100 |a 20161202d2016 m y0rusy50 ca 
101 0 |a rus 
102 |a RU 
105 |a a j 000zy 
135 |a jrcn ---uucaa 
181 0 |a i  
182 0 |a b 
200 1 |a Пожаровзрывозащита  |e электронный курс  |f А. И. Сечин, Т. А. Задорожная  |g Национальный исследовательский Томский политехнический университет (ТПУ), Институт неразрушающего контроля (ИНК), Кафедра экологии и безопасности жизнедеятельности (ЭБЖ) 
203 |a Текст  |c электронный 
210 |a Томск  |c TPU Moodle  |d 2016 
300 |a Заглавие с экрана 
330 |a В курсе "Пожаровзрывозащита" раскрываются мероприятия, направленные на предупреждение и ликвидацию чрезвычайных ситуаций природного и техногенного характера, обусловленных взрывными явлениями и пожарами. Знания, полученные в курсе "Пожаровзрывозащита" помогут ориентироваться в основных направлениях совершенствования и повышения эффективности методов защиты объектов экономики от пожаров и взрывных явлений, содержании основных законодательных актов Российской Федерации, необходимых для организации предупреждения ЧС природного и техногенного характера. 
333 |a Доступ по логину и паролю 
606 1 |a Пожарная безопасность  |2 stltpush  |3 (RuTPU)RU\TPU\subj\67627  |9 87874 
610 1 |a электронный ресурс 
610 1 |a труды учёных ТПУ 
610 1 |a электронное обучение 
610 1 |a электронные курсы ТПУ 
610 1 |a пожары 
610 1 |a взрывы 
610 1 |a взрывная безопасность 
610 1 |a взрывозащита 
610 1 |a электронные учебные пособия 
610 1 |a учебные пособия 
675 |a 614.842.8(075.8)  |v 3 
700 1 |a Сечин  |b А. И.  |c специалист в области экологии и безопасности жизнедеятельности  |c профессор Томского политехнического университета, доктор технических наук  |f 1950-  |g Александр Иванович  |3 (RuTPU)RU\TPU\pers\26051  |9 11890 
701 1 |a Задорожная  |b Т. А.  |c специалист в области экологии и безопасности жизнедеятельности  |c доцент Томского политехнического университета, кандидат технических наук  |f 1980-  |g Татьяна Анатольевна  |3 (RuTPU)RU\TPU\pers\26054  |9 11893 
712 0 2 |a Национальный исследовательский Томский политехнический университет (ТПУ)  |b Институт неразрушающего контроля (ИНК)  |b Кафедра экологии и безопасности жизнедеятельности (ЭБЖ)  |3 (RuTPU)RU\TPU\col\18720 
801 2 |a RU  |b 63413507  |c 20211206  |g RCR 
856 4 |u https://design.lms.tpu.ru/course/view.php?id=1459 
942 |c CF